000 00455cam a22001934a 4500
005 20250605164303.0
008 250528s ||||||||||||||||||||||||d
035 _a22173
020 _a9780099588115
040 _aGR-AtMCL
_bgre
_dGR-AtMCL
_eAACR2
245 1 _aTHE BLOODY CHAMBER
250 _a1
260 _bVintage International,
_c1995
300 _a125
700 1 _aCarter Angela
_98038
942 _cBK
999 _c7229
_d7229